00493nam a2200193Ia 4500008004100000020001400041050001400055100001600069245004100085245003200126260001500158260001600173260000900189300001500198300002700213300001000240440004100250500000800291170918s9999 xx 000 0 und d a439676266 bR778 2005 aRoop, Peter aTake a giant leap, Neil Armstrong! / cPeter Roop and Connie Roop. aNew York : bScholastic, c2005 a60 pages : bcolored illustration ; c19cm. aA scholastic chapter book biography. a720